Marketingové pojetí úspěšnosti firem v EU a v ČR

Úspešnosť (achive success) je podnikateľskými subjektami registrovaných v ČR a firmami podnikajúcich alebo registrovaných v Európskej únii chápaná odlišne. Integrácia ČR do EÚ a chápanie pojmu úspešnosť. Marketingová filozofia hodnôt a triáda úspešnosti. Triáda úspešnosti v chápaní firiem z EÚ.

Gespeichert in:
Bibliographische Detailangaben
1. Verfasser: Čichovský, Ludvík
Format: Buchkapitel
Sprache:Tschechisch
Schlagworte:
Tags: Tag hinzufügen
Keine Tags, Fügen Sie das erste Tag hinzu!

MARC

LEADER 00000naa a2200000 4500
001 r045242
005 20231004100203.4
041 0 |a cze 
044 |a CZ 
245 1 0 |a Marketingové pojetí úspěšnosti firem v EU a v ČR  |c Ludvík Čichovský 
520 |a Úspešnosť (achive success) je podnikateľskými subjektami registrovaných v ČR a firmami podnikajúcich alebo registrovaných v Európskej únii chápaná odlišne. Integrácia ČR do EÚ a chápanie pojmu úspešnosť. Marketingová filozofia hodnôt a triáda úspešnosti. Triáda úspešnosti v chápaní firiem z EÚ. 
610 2 0 |a marketing 
610 2 0 |a podnikanie 
610 2 0 |a firmy 
610 2 0 |a Česko 
610 2 0 |a Európska únia 
610 2 0 |a výkony podnikové 
610 2 0 |a konkurencia 
610 2 0 |a filozofia 
100 1 |a Čichovský, Ludvík